000 00747cai a22002055a 4500
001 L153644
008 110812n2011 xxkzx p 0 a0eng u
035 _a(Sirsi) u153644
041 0 _aeng
110 2 _aFaculty of Party Wall Surveyors
_95255
245 0 4 _aThe Faculty of Party Wall Surveyors
_h[electronic resource]
260 _aRye
_bFaculty of Party Wall Surveyors
_c2011
520 _aDeals with matters arising out of the Party Wall etc. Act 1996.
590 _aKA
651 4 _aEngland and Wales 1543-
690 _aBoundary disputes
_96221
690 _aPROPERTY-PROPERTY MANAGEMENT-EASEMENTS-PARTY WALL SURVEYING-PARTY WALLS
856 4 0 _uhttps://www.fpws.org.uk/
_zView this item free of charge at www.fpws.org.uk
942 _n0
999 _c120924
_d120924